000 00441nam a2200133 a 4500
008 120416s1976 ||||||||||||||||| || u
050 _aPS 8463.17M313 Gir
100 _aGirard, Rodolphe
245 1 0 _aMarie Calumet
260 _aMontreal
_bHarvest House
_c1976
300 _a167p.
350 _a0.00
995 _D0.00
_FCBU-MAIN LIBRARY (Kitwe)
_H1
_I0.00
_M1
_UAVAILABLE
_ZFiction Collection
999 _c50346
_d50346